| 000 | 01335cam a2200433 4500 | ||
|---|---|---|---|
| 003 | PE-LiUPU | ||
| 005 | 20250731173403.0 | ||
| 020 | _a8487940005 | ||
| 035 | _a(Sirsi) i9788487940002 | ||
| 035 | _a(Sirsi) 45704 | ||
| 035 | _a(Sirsi) 45704 | ||
| 041 | _aes | ||
| 044 | _aes | ||
| 082 | 0 | 4 |
_a223.1043 _bS84 |
| 100 | 1 | _aStuart Park, S. | |
| 245 |
_aDesde el torbellino / _cS. Stuart Park. |
||
| 264 | 1 |
_aBarcelona : _bPublicaciones Andamio, _c1991 |
|
| 300 |
_a366 páginas ; _c24 cm. |
||
| 505 | 0 | _aMeditaciones del libro de Job | |
| 526 | _aSEG42 | ||
| 526 | _aSEG41 | ||
| 526 | _aSEG40 | ||
| 526 | _aSEG39 | ||
| 526 | _aP94 | ||
| 526 | _aP87 | ||
| 526 | _aP86 | ||
| 526 | _aP85 | ||
| 526 | _aP77 | ||
| 526 | _aP76 | ||
| 526 | _aP35 | ||
| 630 |
_aBiblia _pA.T. _xJob _vMeditaciones |
||
| 942 |
_2ddc _cBOOK |
||
| 949 |
_a223.1043 S84 _i63235 _lCCODEBUL1 _mBUL _tLIBRO _o.STAFF. Colección General |
||
| 859 |
_q63235 _h223.1043 _iS84 |
||
| 910 |
_agl _b _cjck _d20110803 |
||
| 596 | _a1 | ||
| 999 |
_a223.1043 S84 _wDEWEY _c52236 _i63235 _d52236 _f2021-11-9 _g5 _lCCODEBUL1 _mBUL _p13.00 _q1 _r0 _sY _tBOOK _u2015-7-6 _xTEOLOGIA _PP35 _0COMPRA _o.STAFF. Colección General |
||
| 980 |
_81 _gALBERTO SANCHEZ Responsable de Automatización |
||